Central Library OPAC University of Rajshahi

Surver of Health MCH and Family Planning Infrastructure in Bangladesh / (Record no. 34210)

MARC details
000 -LEADER
fixed length control field 00662nam a22001937a 4500
001 - CONTROL NUMBER
control field 34210
003 - CONTROL NUMBER IDENTIFIER
rucl marc code BD-RjUL
005 - DATE AND TIME OF LATEST TRANSACTION
control field 20211209052125.0
008 - FIXED-LENGTH DATA ELEMENTS--GENERAL INFORMATION
fixed length control field 140514s1978 bg |||| |||| 000 0 eng d
035 ## - SYSTEM CONTROL NUMBER
System control number (BD-RjUL)34304
040 ## - CATALOGING SOURCE
Original cataloging agency BD-RjUL
Language of cataloging eng
Transcribing agency BD-RjUL
041 ## - LANGUAGE CODE
Language code of text/sound track or separate title eng
082 04 - DEWEY DECIMAL CLASSIFICATION NUMBER
Classification number 363.96
Author mark and year SUR V-2 1978
245 ## - TITLE STATEMENT
Title Surver of Health MCH and Family Planning Infrastructure in Bangladesh /
Number of part/section of a work Volume 2 :
Name of part/section of a work Population Control and Planing Division Ministry of Health and population Control Government of the Peoples of Bangladesh
260 ## - PUBLICATION, DISTRIBUTION, ETC. (IMPRINT)
Place of publication, distribution, etc. Dhaka :
Name of publisher, distributor, etc. Wari,
Date of publication, distribution, etc. 1978.
300 ## - PHYSICAL DESCRIPTION
Pagination 635 p. ;
Size 17/29 cm.
650 ## - SUBJECT ADDED ENTRY--TOPICAL TERM
Topical term or geographic name as entry element Family Planning
9 (RLIN) 104001
942 ## - ADDED ENTRY ELEMENTS (KOHA)
Source of classification or shelving scheme Dewey Decimal Classification
Koha item type Books
Holdings
Lost status Source of classification or shelving scheme Damaged status Not for loan Collection code Permanent Location Current Location Shelving location Date acquired Source of acquisition Cost, normal purchase price Total Checkouts Full call number Date last seen Copy number Koha item type
  Dewey Decimal Classification   Not For Loan Non-fiction Central Library, University of Rajshahi Central Library, University of Rajshahi Reading Room 17/10/1978 Ministry of Health and population Control Government of the Peoples of Bangladesh 0.00   363.96 SUR V-2 1978 14/05/2014 C-1 Books